Ensayos Críticos
Zapisane w:
| 1. autor: | |
|---|---|
| Format: | Książka |
| Język: | Undetermined |
| Wydane: |
Barcelona, España
Editorial Seix Barral
2002
|
| Hasła przedmiotowe: | |
| Etykiety: |
Dodaj etykietę
Nie ma etykietki, Dołącz pierwszą etykiete!
|
MARC
| LEADER | 00000nam a2200000Ia 4500 | ||
|---|---|---|---|
| 008 | 170316s9999 xx 000 0 und d | ||
| 090 | |a 801 B-7en | ||
| 100 | |a Barthes, Roland | ||
| 245 | |a Ensayos Críticos | ||
| 260 | |a Barcelona, España | ||
| 260 | |b Editorial Seix Barral | ||
| 260 | |c 2002 | ||
| 300 | |a 380 páginas | ||
| 650 | |a TEORÍA LITERARIA | ||
| 650 | |a BAUDELAIRE | ||
| 650 | |a LA REVOLUCIÓN BRECHTIANA | ||
| 650 | |a TEATRO | ||
| 650 | |a LA CRÍTICA BRECHTIANA | ||
| 650 | |a ROBBE - GRILLET | ||
| 650 | |a BARROCO FUNEBRE | ||
| 650 | |a LA SORCIERE | ||
| 650 | |a ZAZIE Y LA LITERATURA | ||
| 650 | |a KAFKA | ||
| 650 | |a LA MADRE DE BRECHT | ||
| 650 | |a LA LITERATURA | ||
| 650 | |a ROBBE - GRILLET | ||
| 650 | |a LA BRUYERE | ||
| 650 | |a LA CRÍTICA | ||
| 650 | |a LITERATURA Y SIGNIFICACIÓN | ||
| 650 | |a ENSAYOS | ||
| 999 | |c 20127 |d 20127 | ||
| 040 | |a cru BVZT | ||
| 942 | |c 15 D |h 801 B-7en |2 z | ||
